[Event "CZE-chT2C 2223"]
[Site "Czech Republic"]
[Date "2023.02.05"]
[Round "8.8"]
[White "Topencik, Bruno"]
[Black "Stehlik, Jiri"]
[Result "1-0"]
[WhiteElo "1821"]
[BlackElo "1787"]
[PlyCount "109"]
[EventDate "2022.10.16"]
[EventType "team-tourn"]
[EventRounds "11"]
[EventCountry "CZE"]
[SourceTitle "EXT 2024"]
[Source "ChessBase"]
[SourceDate "2023.10.10"]
[SourceVersion "1"]
[SourceVersionDate "2023.10.10"]
[SourceQuality "1"]
[WhiteTeam "Lysa nad Labem"]
[BlackTeam "Kolin"]
[WhiteTeamCountry "CZE"]
[BlackTeamCountry "CZE"]

1. e4 c5 2. Be2 Nc6 3. f4 g6 4. d3 Bg7 5. c3 d6 6. Nf3 Nf6 7. 0-0 0-0 8. Qe1 Bd7 9. Qh4 Ne8 10. f5 e6 11. fxg6 fxg6 12. Bg5 Bf6 13. Bxf6 Qxf6 14. Ng5 Qg7 15. Rxf8+ Kxf8 16. Nxh7+ Kg8 17. Ng5 Nf6 18. Nd2 Rf8 19. Rf1 Ne8 20. Rxf8+ Kxf8 21. Bg4 Nc7 22. Nc4 Ne5 23. Nh7+ Kg8 24. Nf6+ Kf8 25. Nxd7+ Qxd7 26. Qh8+ Ke7 27. Nxe5 dxe5 28. Qxe5 Qd6 29. Qxd6+ Kxd6 30. Kf2 e5 31. Ke3 Ne8 32. d4 cxd4+ 33. cxd4 Nf6 34. Be2 Ke6 35. h4 Kd6 36. Bd1 Nd7 37. Bb3 Ke7 38. Bd5 b6 39. a4 Kf6 40. g4 g5 41. hxg5+ Kxg5 42. Be6 exd4+ 43. Kxd4 Nc5 44. Bc8 Nxa4 45. b3 Nc5 46. b4 Nb3+ 47. Kd5 a5 48. e5 axb4 49. e6 Kf6 50. g5+ Ke7 51. g6 Kf8 52. Kd6 Nc5 53. e7+ Ke8 54. g7 Ne4+ 55. Ke5 1-0

[Event "CZE-chT2C 2223"]
[Site "Czech Republic"]
[Date "2022.10.16"]
[Round "1.7"]
[White "Sedy, Pavel"]
[Black "Stehlik, Jiri"]
[Result "1-0"]
[WhiteElo "2151"]
[BlackElo "1787"]
[PlyCount "83"]
[EventDate "2022.10.16"]
[EventType "team-tourn"]
[EventRounds "11"]
[EventCountry "CZE"]
[SourceTitle "EXT 2024"]
[Source "ChessBase"]
[SourceDate "2023.10.10"]
[SourceVersion "1"]
[SourceVersionDate "2023.10.10"]
[SourceQuality "1"]
[WhiteTeam "Vysehrad"]
[BlackTeam "Kolin"]
[WhiteTeamCountry "CZE"]
[BlackTeamCountry "CZE"]

1. e4 c5 2. Nf3 Nc6 3. d4 cxd4 4. Nxd4 g6 5. c4 Bg7 6. Be3 Nf6 7. Nc3 Nxd4 8. Bxd4 0-0 9. e5 Ne8 10. Be2 d6 11. exd6 Bxd4 12. Qxd4 Qxd6 13. Qe3 Be6 14. 0-0 a6 15. c5 Qc7 16. Bf3 Nf6 17. Rfe1 Kg7 18. b4 Rfe8 19. h3 Rad8 20. a4 Kg8 21. Rad1 Rxd1 22. Rxd1 Bc8 23. b5 Rd8 24. Re1 e6 25. b6 Qe7 26. c6 bxc6 27. Bxc6 a5 28. Qf3 Ba6 29. b7 Kg7 30. Rb1 Qc7 31. g4 h6 32. Rb2 Rb8 33. Nb5 Qe5 34. Qc3 Qxc3 35. Nxc3 Kf8 36. Rb6 Bd3 37. Nb5 Ke7 38. Ra6 Bxb5 39. axb5 Kd8 40. b6 Nd7 41. Ra8 Nxb6 42. Rxb8+ 1-0

[Event "Bohumin op 5th"]
[Site "Bohumin"]
[Date "2022.07.08"]
[Round "7"]
[White "Figa, Karolina"]
[Black "Stehlik, Jiri"]
[Result "1/2-1/2"]
[WhiteElo "1352"]
[BlackElo "1808"]
[PlyCount "74"]
[EventDate "2022.07.02"]
[EventType "swiss"]
[EventRounds "9"]
[EventCountry "CZE"]
[SourceTitle "CBM 209 Extra"]
[Source "ChessBase"]
[SourceDate "2022.09.30"]
[SourceVersion "1"]
[SourceVersionDate "2022.09.30"]
[SourceQuality "1"]

1. d4 d5 2. c4 c6 3. Nf3 Nf6 4. Nc3 a6 5. g3 g6 6. Bg2 Bg7 7. 0-0 0-0 8. Ne5 dxc4 9. Nxc4 Be6 10. Na3 Nbd7 11. Nc2 Nb6 12. e4 Qc8 13. a4 a5 14. Re1 Rd8 15. f4 Bh3 16. Qe2 Bxg2 17. Kxg2 Qg4 18. Qxg4 Nxg4 19. h3 Nf6 20. Be3 Nfd7 21. Rad1 e6 22. Bf2 Re8 23. g4 f6 24. e5 f5 25. gxf5 gxf5 26. Kf3 Kf7 27. Rg1 Bh6 28. Bh4 Rg8 29. Ne3 Rg6 30. Bg5 Bf8 31. h4 h6 32. h5 Rg8 33. Bh4 Bb4 34. Rxg8 Rxg8 35. Rb1 Rb8 36. Ned1 Rg8 37. Ne3 Rb8 1/2-1/2

[Event "Brno Trade op"]
[Site "Brno"]
[Date "2021.09.04"]
[Round "8"]
[White "Stehlik, Jiri"]
[Black "Habinova, Alice"]
[Result "1-0"]
[WhiteElo "1847"]
[BlackElo "1418"]
[PlyCount "91"]
[EventDate "2021.08.29"]
[EventType "swiss"]
[EventRounds "9"]
[EventCountry "CZE"]
[SourceTitle "CBM 204 Extra"]
[Source "ChessBase"]
[SourceDate "2021.11.30"]
[SourceVersion "1"]
[SourceVersionDate "2021.11.30"]
[SourceQuality "1"]

1. c4 e5 2. Nc3 Nf6 3. g3 d5 4. cxd5 Nxd5 5. Bg2 Be6 6. Nf3 Nc6 7. 0-0 Bc5 8. d3 h6 9. Na4 Be7 10. Bd2 0-0 11. a3 f5 12. Qc2 Qd6 13. Rac1 Rae8 14. b4 a6 15. Nc5 Bc8 16. e4 Nb6 17. Bc3 Nd7 18. Qa2+ Kh8 19. Nxd7 Bxd7 20. Qb2 Bf6 21. Qc2 Bd8 22. Nd2 f4 23. gxf4 Rxf4 24. Nc4 Qg6 25. f3 Rh4 26. Qf2 Bg5 27. Bd2 Nd4 28. Rce1 Bh3 29. Qg3 Bxg2 30. Kxg2 b5 31. Bxg5 Qxg5 32. Qxg5 hxg5 33. Ne3 g6 34. Rc1 c6 35. Ng4 Kg7 36. Rc5 Ne2 37. Rxc6 Nf4+ 38. Kf2 Nxd3+ 39. Ke3 Nb2 40. Rxa6 Nc4+ 41. Ke2 Rhh8 42. Ra7+ Kf8 43. Rd1 Nb6 44. Rd6 Nc8 45. Rf6+ Kg8 46. Rxg6+ 1-0

[Event "Brno Trade op"]
[Site "Brno"]
[Date "2021.09.01"]
[Round "5"]
[White "Tajovsky, Matej"]
[Black "Stehlik, Jiri"]
[Result "1-0"]
[WhiteElo "2025"]
[BlackElo "1847"]
[PlyCount "65"]
[EventDate "2021.08.29"]
[EventType "swiss"]
[EventRounds "9"]
[EventCountry "CZE"]
[SourceTitle "CBM 204 Extra"]
[Source "ChessBase"]
[SourceDate "2021.11.30"]
[SourceVersion "1"]
[SourceVersionDate "2021.11.30"]
[SourceQuality "1"]

1. e4 c5 2. Nf3 Nc6 3. d4 cxd4 4. Nxd4 Qb6 5. Nb3 e6 6. Be3 Qc7 7. a3 Nf6 8. Nc3 d6 9. Bd3 a6 10. 0-0 b5 11. Qe2 Be7 12. f4 Bb7 13. a4 b4 14. Na2 0-0 15. Rac1 Rfc8 16. c3 bxc3 17. Nxc3 Qd8 18. g4 Nb4 19. Bb1 Nd7 20. g5 g6 21. Qg4 Bf8 22. h4 d5 23. e5 Nc5 24. Bxc5 Bxc5+ 25. Kh2 a5 26. h5 Bb6 27. hxg6 hxg6 28. Bxg6 fxg6 29. Qxe6+ Kh8 30. Kg3 Rc7 31. Rh1+ Kg7 32. Rh6 Rf7 33. Rh7+ 1-0

[Event "Stare Mesto op"]
[Site "Stare Mesto"]
[Date "2021.08.13"]
[Round "1"]
[White "Svanda, Ondrej"]
[Black "Stehlik, Jiri"]
[Result "1-0"]
[WhiteElo "2312"]
[BlackElo "1847"]
[PlyCount "55"]
[EventDate "2021.08.13"]
[EventType "swiss"]
[EventRounds "9"]
[EventCountry "CZE"]
[SourceTitle "CBM 203 Extra"]
[Source "ChessBase"]
[SourceDate "2021.09.30"]
[SourceVersion "1"]
[SourceVersionDate "2021.09.30"]
[SourceQuality "1"]

1. e4 c5 2. Nf3 Nc6 3. Bb5 g6 4. 0-0 Bg7 5. c3 Nf6 6. Re1 0-0 7. d4 cxd4 8. cxd4 d6 9. Nc3 Bg4 10. Be3 a6 11. Be2 b5 12. h3 Bxf3 13. Bxf3 e5 14. d5 Ne7 15. b4 Nd7 16. a4 bxa4 17. Rxa4 Nb6 18. Ra2 Qc7 19. Na4 Nxa4 20. Qxa4 Qb7 21. Be2 Rfb8 22. Rb1 a5 23. b5 Nc8 24. b6 Bf6 25. Rc2 Ne7 26. Bb5 Rc8 27. Bc6 Qa6 28. b7 1-0

[Event "Ceske Budejovice op"]
[Site "Ceske Budejovice"]
[Date "2021.07.08"]
[Round "8"]
[White "Svoboda, Petr1111"]
[Black "Stehlik, Jiri"]
[Result "1/2-1/2"]
[WhiteElo "1655"]
[BlackElo "1873"]
[PlyCount "105"]
[EventDate "2021.07.01"]
[EventType "swiss"]
[EventRounds "9"]
[EventCountry "CZE"]
[SourceTitle "CBM 203 Extra"]
[Source "ChessBase"]
[SourceDate "2021.09.30"]
[SourceVersion "1"]
[SourceVersionDate "2021.09.30"]
[SourceQuality "1"]

1. e4 c5 2. Nf3 Nc6 3. d4 cxd4 4. Nxd4 d6 5. Nc3 e6 6. Be3 Nf6 7. Be2 Be7 8. 0-0 0-0 9. Nxc6 bxc6 10. Bf3 e5 11. g3 Qc7 12. Bg2 Rb8 13. b3 Ba6 14. Re1 Rfd8 15. f4 h6 16. Qf3 Ra8 17. Rad1 Bb7 18. Qf2 Ng4 19. Qe2 Nxe3 20. Qxe3 Qb6 21. fxe5 dxe5 22. Rxd8+ Rxd8 23. Qxb6 axb6 24. Rd1 Rxd1+ 25. Nxd1 Kf8 26. Nb2 b5 27. Kf2 Ke8 28. a4 f6 29. Bf1 bxa4 30. Nxa4 Kd7 31. Ke3 Kc7 32. Bc4 Bc8 33. c3 Bg4 34. b4 Bd1 35. Nb2 Bg4 36. Nd3 Kb6 37. Nf2 Bc8 38. Nd3 Bd7 39. Bb3 c5 40. Nxc5 Bxc5+ 41. bxc5+ Kxc5 42. Kd3 Bb5+ 43. Ke3 Bc6 44. Bf7 Kd6 45. c4 Kc5 46. Bd5 Bd7 47. Kd3 Kb4 48. Bf7 Bh3 49. Ke2 Kc5 50. Kd3 Kb4 51. Ke2 Kc5 52. Kd3 Bg4 53. Kc3 1/2-1/2

[Event "Ceske Budejovice op"]
[Site "Ceske Budejovice"]
[Date "2021.07.05"]
[Round "5"]
[White "Stehlik, Jiri"]
[Black "Steiner, Bruno"]
[Result "0-1"]
[WhiteElo "1873"]
[BlackElo "2123"]
[PlyCount "100"]
[EventDate "2021.07.01"]
[EventType "swiss"]
[EventRounds "9"]
[EventCountry "CZE"]
[SourceTitle "CBM 203 Extra"]
[Source "ChessBase"]
[SourceDate "2021.09.30"]
[SourceVersion "1"]
[SourceVersionDate "2021.09.30"]
[SourceQuality "1"]

1. d4 d5 2. Nf3 Nf6 3. Bf4 e6 4. e3 Bd6 5. Ne5 0-0 6. Be2 b6 7. 0-0 Ba6 8. Bxa6 Nxa6 9. Qe2 Nb8 10. Nd2 c5 11. c3 Qc7 12. Bg3 Nc6 13. f4 Ne4 14. Nxe4 dxe4 15. dxc5 Bxc5 16. Nxc6 Qxc6 17. Rfd1 Rfd8 18. Bf2 Be7 19. Rxd8+ Bxd8 20. c4 f5 21. Be1 Bf6 22. Rd1 g6 23. Bb4 Qa4 24. Bc3 Bxc3 25. bxc3 h5 26. h4 Qa3 27. Qd2 Qe7 28. Qd4 Re8 29. g3 Kf7 30. Kf2 Qf6 31. Ke2 Re7 32. Rd2 Rc7 33. Rc2 Ke7 34. Rd2 Qxd4 35. Rxd4 Rc5 36. Kd1 Ra5 37. Rd2 Ra3 38. Rc2 Ra4 39. Kc1 Rxc4 40. Kb2 Rc5 41. Kb3 Rb5+ 42. Kc4 Rd5 43. a4 Kd6 44. Kb4 Rd3 45. Re2 Kc6 46. Kc4 Rd1 47. Ra2 Rg1 48. a5 b5+ 49. Kb3 Re1 50. Rd2 Rxe3 0-1

[Event "Ceske Budejovice op"]
[Site "Ceske Budejovice"]
[Date "2021.07.04"]
[Round "4"]
[White "Hosticka, Frantisek"]
[Black "Stehlik, Jiri"]
[Result "1/2-1/2"]
[WhiteElo "2098"]
[BlackElo "1873"]
[PlyCount "108"]
[EventDate "2021.07.01"]
[EventType "swiss"]
[EventRounds "9"]
[EventCountry "CZE"]
[SourceTitle "CBM 203 Extra"]
[Source "ChessBase"]
[SourceDate "2021.09.30"]
[SourceVersion "1"]
[SourceVersionDate "2021.09.30"]
[SourceQuality "1"]

1. e4 d6 2. Bc4 c5 3. Nf3 Nc6 4. c3 Nf6 5. Qe2 e6 6. Bb3 Be7 7. 0-0 0-0 8. d4 cxd4 9. cxd4 Re8 10. Nc3 a6 11. Rd1 Qc7 12. Bg5 h6 13. Bh4 b5 14. Rac1 Qb6 15. e5 dxe5 16. dxe5 Nd7 17. Bxe7 Rxe7 18. Rd6 Bb7 19. Ne4 Rc8 20. Qd2 Ndb8 21. Nd4 Qa7 22. Nf6+ Kf8 23. Nxc6 Nxc6 24. Rcxc6 Bxc6 25. Rxc6 Qa8 26. Rxc8+ Qxc8 27. Ne4 Rc7 28. h3 Rd7 29. Nd6 Qc5 30. Qf4 Rc7 31. Kh2 Qc1 32. Qf3 Qc6 33. Qf4 Qc1 34. Qh4 Kg8 35. Qg3 Qg5 36. Qxg5 hxg5 37. Ne4 Rc1 38. Nxg5 Rb1 39. f4 Rxb2 40. f5 a5 41. fxe6 fxe6 42. Bxe6+ Kf8 43. Bd5 Rd2 44. Ne6+ Ke7 45. Nf4 a4 46. Ng6+ Ke8 47. Bc6+ Kf7 48. Nf4 g5 49. Nh5 Ke6 50. Bxb5 a3 51. Bc4+ Kxe5 52. Ng3 Rc2 53. Bf7 Rc7 54. Bg8 Rc8 1/2-1/2

[Event "Bohumin op 3rd"]
[Site "Bohumin"]
[Date "2020.07.24"]
[Round "7"]
[White "Cempel, Jaroslav"]
[Black "Stehlik, Jiri"]
[Result "0-1"]
[WhiteElo "2049"]
[BlackElo "1855"]
[PlyCount "65"]
[EventDate "2020.07.18"]
[EventType "swiss"]
[EventRounds "9"]
[EventCountry "CZE"]
[SourceTitle "CBM 197 Extra"]
[Source "ChessBase"]
[SourceDate "2020.09.30"]
[SourceVersion "1"]
[SourceVersionDate "2020.09.30"]
[SourceQuality "1"]

1. e4 c6 2. d4 g6 3. h4 h5 4. c4 d6 5. f4 Nf6 6. Nc3 Bg7 7. Nf3 a6 8. a4 a5 9. Bd3 Na6 10. Qe2 Ng4 11. e5 Nc7 12. Bd2 Bf5 13. Bxf5 gxf5 14. 0-0-0 d5 15. Qd3 Nf2 16. Qxf5 e6 17. Qc2 Qd7 18. c5 Kd8 19. Rhf1 Nxd1 20. Nxd1 Ne8 21. f5 exf5 22. Bg5+ Kc8 23. Bf6 Bh6+ 24. Kb1 Rg8 25. Ng5 Nxf6 26. exf6 Bxg5 27. hxg5 Rxg5 28. Ne3 Kc7 29. Nxf5 Rxf5 30. Qxf5 Qxf5+ 31. Rxf5 Kd7 32. Re5 Re8 33. Rxh5 0-1

[Event "Bohumin op 3rd"]
[Site "Bohumin"]
[Date "2020.07.20"]
[Round "3"]
[White "Gnojek, Petr"]
[Black "Stehlik, Jiri"]
[Result "1-0"]
[WhiteElo "2107"]
[BlackElo "1855"]
[PlyCount "85"]
[EventDate "2020.07.18"]
[EventType "swiss"]
[EventRounds "9"]
[EventCountry "CZE"]
[SourceTitle "CBM 197 Extra"]
[Source "ChessBase"]
[SourceDate "2020.09.30"]
[SourceVersion "1"]
[SourceVersionDate "2020.09.30"]
[SourceQuality "1"]

1. d4 Nf6 2. c4 d6 3. Nc3 Nbd7 4. g3 e5 5. e3 Be7 6. Bg2 c6 7. Nge2 0-0 8. b3 Re8 9. 0-0 a6 10. a4 a5 11. Ba3 Bf8 12. Qc2 Qc7 13. Rfd1 Rb8 14. Rd2 b6 15. Rad1 Bb7 16. d5 c5 17. Nb5 Qd8 18. Na7 Ra8 19. Nc6 Qc7 20. Nc3 Ba6 21. Bb2 g6 22. h3 Bg7 23. g4 Bh6 24. Re2 Kf8 25. Qd2 g5 26. Qc2 Bg7 27. Qf5 h6 28. Rde1 Kg8 29. f4 Nh7 30. Ne4 Bc8 31. fxg5 Ndf8 32. Qf2 hxg5 33. Rf1 f6 34. Ng3 Ng6 35. Be4 Nh4 36. Qe1 Rf8 37. Ref2 Rf7 38. Qb1 Nf8 39. Nh5 Bh8 40. Nxf6+ Rxf6 41. Rxf6 Bxf6 42. Rxf6 Kg7 43. Rxd6 1-0

[Event "Ceske Budejovice op-A"]
[Site "Ceske Budejovice"]
[Date "2020.07.05"]
[Round "5"]
[White "Stehlik, Jiri"]
[Black "Rolinek, Dominik"]
[Result "1-0"]
[WhiteElo "1855"]
[BlackElo "2056"]
[PlyCount "107"]
[EventDate "2020.07.01"]
[EventType "swiss"]
[EventRounds "9"]
[EventCountry "CZE"]
[SourceTitle "CBM 197 Extra"]
[Source "ChessBase"]
[SourceDate "2020.09.30"]
[SourceVersion "1"]
[SourceVersionDate "2020.09.30"]
[SourceQuality "1"]

1. d4 d5 2. Nf3 Nf6 3. Bf4 c5 4. e3 Nc6 5. c3 Qb6 6. Qc1 Bf5 7. Nbd2 e6 8. dxc5 Bxc5 9. Nb3 0-0 10. Nxc5 Qxc5 11. Be2 h6 12. 0-0 Rfe8 13. Ne5 Rad8 14. a4 Nd7 15. b4 Qe7 16. Nxd7 Rxd7 17. Bb5 e5 18. Bg3 Rc7 19. Qb2 Rec8 20. Rfd1 Qe6 21. Rac1 Ne7 22. h3 Bg6 23. f3 Nf5 24. Bf2 Nd6 25. Be2 Nc4 26. Qa2 f6 27. Bf1 Be8 28. Kh1 Bf7 29. Kg1 Qe8 30. Bxc4 Rxc4 31. Qa3 Qe7 32. a5 Qc7 33. Rd3 Be6 34. Qb2 e4 35. fxe4 dxe4 36. Rd4 Rxd4 37. exd4 f5 38. d5 Bxd5 39. Bxa7 f4 40. Qd2 Qe5 41. Bd4 Qg5 42. Rd1 e3 43. Bxe3 fxe3 44. Qxd5+ Qxd5 45. Rxd5 Rxc3 46. Kf1 Rc2 47. Re5 Rf2+ 48. Ke1 Rxg2 49. Re7 Ra2 50. Rxb7 Kf8 51. Ra7 g5 52. b5 Ke8 53. a6 Kd8 54. Rh7 1-0

[Event "Ceske Budejovice op-A"]
[Site "Ceske Budejovice"]
[Date "2020.07.03"]
[Round "3"]
[White "Stehlik, Jiri"]
[Black "Hostasa, Petr"]
[Result "1-0"]
[WhiteElo "1855"]
[BlackElo "1555"]
[PlyCount "87"]
[EventDate "2020.07.01"]
[EventType "swiss"]
[EventRounds "9"]
[EventCountry "CZE"]
[SourceTitle "CBM 197 Extra"]
[Source "ChessBase"]
[SourceDate "2020.09.30"]
[SourceVersion "1"]
[SourceVersionDate "2020.09.30"]
[SourceQuality "1"]

1. c4 e6 2. Nf3 Nf6 3. g3 d5 4. b3 c5 5. Bg2 Nc6 6. 0-0 Be7 7. Bb2 0-0 8. cxd5 exd5 9. d4 Bf5 10. Nc3 Be4 11. dxc5 Bxc5 12. Rc1 Bb6 13. Na4 Nd7 14. Nxb6 Nxb6 15. Nd4 Bxg2 16. Kxg2 Rc8 17. Qd2 Qd7 18. Rfd1 Rfd8 19. Ba3 Nxd4 20. Qxd4 Rxc1 21. Rxc1 Rc8 22. Rc5 a6 23. Rxc8+ Nxc8 24. e4 f6 25. exd5 Kf7 26. h4 Nd6 27. Qd3 Qf5 28. Qxf5 Nxf5 29. Kf3 Nd4+ 30. Ke4 Nb5 31. Bb4 Na7 32. a4 Nc8 33. Kd4 b6 34. a5 bxa5 35. Bxa5 Ke7 36. Kc5 Kd7 37. Bd2 Na7 38. Bf4 Nb5 39. g4 g6 40. f3 h5 41. Bd2 Nc7 42. Bc3 f5 43. gxh5 gxh5 44. Be5 1-0

[Event "Stare Mesto op"]
[Site "Stare Mesto"]
[Date "2018.08.22"]
[Round "5"]
[White "Stehlik, Jiri"]
[Black "Zpevakova, Jana"]
[Result "1/2-1/2"]
[WhiteElo "1947"]
[BlackElo "2088"]
[PlyCount "94"]
[EventDate "2018.08.18"]
[EventType "swiss"]
[EventRounds "9"]
[EventCountry "CZE"]
[SourceTitle "CBM 186 Extra"]
[Source "ChessBase"]
[SourceDate "2018.08.24"]
[SourceVersion "1"]
[SourceVersionDate "2018.08.24"]
[SourceQuality "1"]

1. d4 d5 2. Nf3 Nf6 3. g3 e6 4. Bg2 c5 5. 0-0 Nc6 6. c4 dxc4 7. Qa4 Bd7 8. Qxc4 Rc8 9. dxc5 Na5 10. Qd3 Bxc5 11. Nc3 Bc6 12. Qxd8+ Rxd8 13. Bf4 Nc4 14. Ne5 Bxg2 15. Kxg2 Nxe5 16. Bxe5 0-0 17. h3 Nd7 18. Bf4 e5 19. Bc1 f5 20. b3 Nb6 21. a3 Rd7 22. Ra2 Rc8 23. Bd2 a6 24. Rb1 Bd4 25. Nd1 Nd5 26. Kf1 Rdc7 27. e3 Ba7 28. Rbb2 e4 29. Ke2 Kf7 30. Ra1 Rc6 31. Rbb1 Rh6 32. h4 Bb8 33. Rc1 Rhc6 34. Rxc6 Rxc6 35. Rc1 Rxc1 36. Bxc1 b5 37. Bb2 Bd6 38. Kd2 Kg6 39. Ke2 Kh6 40. Kf1 Kg6 41. Ke2 Nc7 42. a4 bxa4 43. bxa4 Nd5 44. Bd4 Ba3 45. f3 Bc1 46. Kf2 h5 47. Ke2 exf3+ 1/2-1/2

[Event "CZE-chT2C 1718"]
[Site "Czech Republic"]
[Date "2017.12.03"]
[Round "4.6"]
[White "Stehlik, Jiri"]
[Black "Vystrcil, Martin"]
[Result "0-1"]
[WhiteElo "1971"]
[BlackElo "1987"]
[PlyCount "108"]
[EventDate "2017.10.15"]
[EventType "team-tourn"]
[EventRounds "11"]
[EventCountry "CZE"]
[SourceTitle "EXT 2022"]
[Source "ChessBase"]
[SourceDate "2021.10.06"]
[SourceVersion "1"]
[SourceVersionDate "2021.10.06"]
[SourceQuality "1"]
[WhiteTeam "Kolin"]
[BlackTeam "Ricany"]
[WhiteTeamCountry "CZE"]
[BlackTeamCountry "CZE"]

1. d4 Nf6 2. Nf3 g6 3. g3 Bg7 4. Bg2 d6 5. 0-0 0-0 6. c3 Nbd7 7. Nbd2 c6 8. b3 Qc7 9. Bb2 e5 10. Qc2 Re8 11. e4 a5 12. a4 b6 13. Rfe1 Ba6 14. Bf1 Bxf1 15. Kxf1 h6 16. Rad1 Rad8 17. Kg1 Bf8 18. Ba3 Kg7 19. h3 d5 20. Bxf8+ Kxf8 21. exd5 Nxd5 22. Kg2 Kg7 23. Qb2 exd4 24. cxd4 Rxe1 25. Rxe1 N7f6 26. Ne5 Nb4 27. Ndf3 Nfd5 28. Rd1 Re8 29. Rd2 Re6 30. Rd1 Qe7 31. Rd2 g5 32. Qc1 f6 33. Nc4 h5 34. Kf1 Re4 35. Kg2 Qe6 36. Kh2 Re2 37. Qf1 Re4 38. Qc1 Kf8 39. Nxb6 Nxb6 40. Qc5+ Kg7 41. Qxb6 Qxb3 42. Qxa5 Qxf3 43. Qc7+ Kg8 44. Qd8+ Kf7 45. Qh8 Re7 46. Qh7+ Ke6 47. Qb1 Nd5 48. a5 h4 49. a6 hxg3+ 50. fxg3 f5 51. Qa2 Kf6 52. a7 Re1 53. Rg2 Qf1 54. g4 f4 0-1

[Event "CZE-chT2C 1718"]
[Site "Czech Republic"]
[Date "2017.11.19"]
[Round "3.7"]
[White "Stehlik, Jiri"]
[Black "Olejnicek, Jiri"]
[Result "1/2-1/2"]
[WhiteElo "1971"]
[BlackElo "2005"]
[PlyCount "67"]
[EventDate "2017.10.15"]
[EventType "team-tourn"]
[EventRounds "11"]
[EventCountry "CZE"]
[SourceTitle "EXT 2022"]
[Source "ChessBase"]
[SourceDate "2021.10.06"]
[SourceVersion "1"]
[SourceVersionDate "2021.10.06"]
[SourceQuality "1"]
[WhiteTeam "Kolin"]
[BlackTeam "Ceske Budejovice"]
[WhiteTeamCountry "CZE"]
[BlackTeamCountry "CZE"]

1. Nf3 Nf6 2. c4 c5 3. g3 g6 4. Bg2 Bg7 5. 0-0 0-0 6. Nc3 Nc6 7. b3 b6 8. Bb2 Bb7 9. d3 d6 10. Qd2 Qd7 11. Rfd1 Rad8 12. a3 Nd4 13. Nxd4 Bxg2 14. Kxg2 cxd4 15. Na2 d5 16. h3 e5 17. Qe1 Nh5 18. Nb4 dxc4 19. bxc4 f5 20. Nd5 f4 21. g4 Nf6 22. Nxf6+ Bxf6 23. f3 h5 24. a4 hxg4 25. hxg4 Kg7 26. Qb4 Rh8 27. Qb5 Qf7 28. Ba3 Rh4 29. Rh1 Rdh8 30. Rxh4 Rxh4 31. Qd5 Rh8 32. Qxf7+ Kxf7 33. Rb1 Be7 34. Bxe7 1/2-1/2

[Event "Stare Mesto op"]
[Site "Stare Mesto"]
[Date "2017.08.12"]
[Round "2"]
[White "Stehlik, Jiri"]
[Black "Jasny, Stanislav"]
[Result "0-1"]
[WhiteElo "1989"]
[BlackElo "2359"]
[PlyCount "164"]
[EventDate "2017.08.11"]
[EventType "swiss"]
[EventRounds "10"]
[EventCountry "CZE"]
[SourceTitle "CBM 180 Extra"]
[Source "ChessBase"]
[SourceDate "2017.10.06"]
[SourceVersion "1"]
[SourceVersionDate "2017.10.06"]
[SourceQuality "1"]

1. Nf3 f5 2. g3 Nf6 3. Bg2 d6 4. d4 g6 5. c3 Bg7 6. Qb3 e6 7. Ng5 d5 8. Nf3 0-0 9. Bf4 b6 10. 0-0 Ba6 11. Re1 h6 12. Qa4 g5 13. Bc1 Nfd7 14. b4 c6 15. Na3 Bb7 16. Rb1 b5 17. Qb3 Nb6 18. e3 N8d7 19. Rf1 Qe7 20. Nc2 Bf6 21. Nce1 Qg7 22. Nd3 a5 23. a3 axb4 24. axb4 Nc4 25. Nd2 e5 26. Nc5 Nxc5 27. bxc5 Nxd2 28. Bxd2 Ra4 29. Ra1 Rfa8 30. Rxa4 Rxa4 31. f4 gxf4 32. gxf4 e4 33. Kh1 Kf8 34. Bh3 Bc8 35. Rg1 Qf7 36. Qd1 Ra2 37. Be1 Bd8 38. Bf1 Bd7 39. Qb1 Ra6 40. Rg2 Be8 41. Ra2 Qa7 42. Rxa6 Qxa6 43. Qb2 Bh5 44. Be2 Bxe2 45. Qxe2 Qa1 46. Kg2 Kg7 47. Kh3 Qc1 48. Qd2 Qb1 49. Kg2 Kg6 50. Kh3 Qd3 51. Kg2 Bh4 52. Qxd3 exd3 53. Bd2 Kh5 54. Kf3 Bd8 55. Be1 Be7 56. Kg2 Kg4 57. Bd2 Bh4 58. h3+ Kh5 59. Kf3 Bd8 60. Kf2 Bh4+ 61. Kf3 Kg6 62. Kg2 Kf7 63. Kf1 Ke6 64. Bc1 Kd7 65. Bd2 Kc8 66. Be1 Bd8 67. Bf2 Ba5 68. Be1 Kb7 69. Bd2 Ka6 70. Ke1 Bd8 71. Bc1 Ka5 72. Kd2 Ka4 73. Kxd3 Kb3 74. Bd2 Bh4 75. Ke2 Kc4 76. Be1 Bxe1 77. Kxe1 Kxc3 78. e4 Kxd4 79. exf5 Kxc5 80. f6 Kd6 81. f5 Kd7 82. Kd2 Ke8 0-1

[Event "Karvina op"]
[Site "Karvina"]
[Date "2017.07.09"]
[Round "9"]
[White "Stehlik, Jiri"]
[Black "Raszka, Janusz"]
[Result "0-1"]
[WhiteElo "1973"]
[BlackElo "2142"]
[PlyCount "118"]
[EventDate "2017.07.01"]
[EventType "swiss"]
[EventRounds "9"]
[EventCountry "CZE"]
[SourceTitle "EXT 2018"]
[Source "ChessBase"]
[SourceDate "2017.10.13"]
[SourceVersion "1"]
[SourceVersionDate "2017.10.13"]
[SourceQuality "1"]

1. d4 d5 2. Nf3 Nf6 3. c4 dxc4 4. e3 e6 5. Bxc4 a6 6. a4 c5 7. 0-0 Nc6 8. Qe2 cxd4 9. Rd1 Be7 10. exd4 Nb4 11. Nc3 0-0 12. Ne5 b6 13. Bg5 Bb7 14. Rac1 Nfd5 15. Be3 Bg5 16. Qd2 Nxe3 17. fxe3 Rc8 18. Be2 f6 19. Nf3 Bh6 20. Re1 e5 21. Nd1 Qe7 22. Bc4+ Kh8 23. d5 Bxd5 24. Bxd5 Rxc1 25. Qxc1 Nxd5 26. Qc4 Nb4 27. e4 Rd8 28. Nf2 g6 29. g3 Bf8 30. Kg2 Kg7 31. g4 Qc5 32. Qxc5 Bxc5 33. Rd1 Rxd1 34. Nxd1 Nd3 35. Kf1 Kf7 36. Ke2 Nf4+ 37. Kd2 Ke6 38. Ne3 Bxe3+ 39. Kxe3 h5 40. gxh5 Nxh5 41. Nd2 Kd6 42. b4 Nf4 43. Nc4+ Kc6 44. Nd2 Ne6 45. Kd3 Nd4 46. Kc3 b5 47. a5 Kd6 48. Kd3 Ke6 49. Nf1 f5 50. Ne3 Nf3 51. Nf1 f4 52. Ke2 Nd4+ 53. Kd3 g5 54. Nd2 g4 55. Nf1 Kf6 56. Kd2 Kg5 57. Kd1 Kh4 58. Ke1 Kh3 59. Kf2 Nf3 0-1

[Event "Karvina op"]
[Site "Karvina"]
[Date "2017.07.03"]
[Round "3"]
[White "Nespor, Ivan"]
[Black "Stehlik, Jiri"]
[Result "0-1"]
[WhiteElo "1754"]
[BlackElo "1973"]
[PlyCount "66"]
[EventDate "2017.07.01"]
[EventType "swiss"]
[EventRounds "9"]
[EventCountry "CZE"]
[SourceTitle "EXT 2018"]
[Source "ChessBase"]
[SourceDate "2017.10.13"]
[SourceVersion "1"]
[SourceVersionDate "2017.10.13"]
[SourceQuality "1"]

1. e4 d6 2. d4 Nf6 3. Nc3 g6 4. Bg5 Bg7 5. Nf3 0-0 6. Qd2 c6 7. Be2 Nbd7 8. 0-0 Qc7 9. Rad1 b6 10. Rfe1 Bb7 11. Bh6 Rfe8 12. Nh4 e6 13. Bf3 e5 14. Bxg7 Kxg7 15. dxe5 dxe5 16. Qg5 Kh8 17. g3 Ng8 18. Qd2 Rad8 19. Qe3 Nf8 20. Bg4 Bc8 21. h3 Bxg4 22. hxg4 Ne6 23. f4 exf4 24. gxf4 Qxf4 25. Qh3 Ng5 26. Qg2 Nh6 27. Rd3 Rxd3 28. cxd3 Qxg4 29. Qxg4 Nxg4 30. Kg2 Rd8 31. Kg3 Ne5 32. Rd1 Rxd3+ 33. Kf4 f6 0-1